मराठयांचें साम्राज्य (Record no. 837041)
[ view plain ]
| 000 -LEADER | |
|---|---|
| fixed length control field | 00758nam a22001937a 4500 |
| 003 - CONTROL NUMBER IDENTIFIER | |
| control field | OSt |
| 005 - DATE AND TIME OF LATEST TRANSACTION | |
| control field | 20140407171706.0 |
| 008 - FIXED-LENGTH DATA ELEMENTS--GENERAL INFORMATION | |
| fixed length control field | 140207b xxu||||| |||| 00| 0 eng d |
| 040 ## - CATALOGING SOURCE | |
| Transcribing agency | मराठी |
| 082 ## - DEWEY DECIMAL CLASSIFICATION NUMBER | |
| Item number | 246 |
| 100 ## - MAIN ENTRY--PERSONAL NAME | |
| Personal name | ओतूरकर, राजाराम विनायक |
| 245 ## - TITLE STATEMENT | |
| Title | मराठयांचें साम्राज्य |
| 260 ## - PUBLICATION, DISTRIBUTION, ETC. (IMPRINT) | |
| Place of publication, distribution, etc | पुणे |
| Name of publisher, distributor, etc | वि. ग. केतकर |
| Date of publication, distribution, etc | 1937 |
| 300 ## - PHYSICAL DESCRIPTION | |
| Extent | १९४ पृष्ठे |
| 520 ## - SUMMARY, ETC. | |
| Summary, etc | मराठयांचें साम्राज्य |
| 653 ## - INDEX TERM--UNCONTROLLED | |
| Uncontrolled term | मराठयांचें साम्राज्य |
| 856 ## - ELECTRONIC LOCATION AND ACCESS | |
| Uniform Resource Identifier | <a href="http://dspace.vpmthane.org:8080/jspui/bitstream/123456789/3586/1/246Oturkar_Martha_History.pdf">http://dspace.vpmthane.org:8080/jspui/bitstream/123456789/3586/1/246Oturkar_Martha_History.pdf</a> |
| 942 ## - ADDED ENTRY ELEMENTS (KOHA) | |
| Source of classification or shelving scheme | Dewey Decimal Classification |
| Koha item type | E-Book Marathi |
| Withdrawn status | Lost status | Source of classification or shelving scheme | Damaged status | Not for loan | Home library | Current library | Date acquired | Total Checkouts | Full call number | Barcode | Date last seen | Uniform Resource Identifier | Price effective from | Koha item type |
|---|---|---|---|---|---|---|---|---|---|---|---|---|---|---|
| Dewey Decimal Classification | VPM Digital Repository | VPM Digital Repository | 02/07/2014 | 246 | VPMDIGI-246 | 02/07/2014 | http://dspace.vpmthane.org:8080/jspui/bitstream/123456789/3586/1/246Oturkar_Martha_History.pdf | 02/07/2014 | E-Book Marathi |